00442nam a2200169Ia 4500003000400000008004100004040001600045082001500061100001800076245006200094260004200156300000800198650001400206650000900220650001700229650002600246GCL140319s9999 xx 000 0 eng d aGCL / cGCL04a720.9bW E1 aWATKIN, DAVID10aENGLISH ARCHITECTURE: A CONCISE HISTORY / cWATKIN, DAVID a[S.N] : bTHAMES AND HUDSON ، c1985 a21604aBUILDINGS04aARTS04aARCHITECTURE04aARCHITECTURE, ENGLISH